Advice for new faculty members : (Record no. 837)

MARC details
000 -LEADER
fixed length control field 00618nam a22001937a 4500
001 - CONTROL NUMBER
control field 837
005 - DATE AND TIME OF LATEST TRANSACTION
control field 20221127090030.0
008 - FIXED-LENGTH DATA ELEMENTS--GENERAL INFORMATION
fixed length control field 050920s lxxua | 00100|eng d
020 ## - INTERNATIONAL STANDARD BOOK NUMBER
International Standard Book Number 0205281591 :
Terms of availability SR184.00
035 ## - SYSTEM CONTROL NUMBER
System control number 850
082 04 - DEWEY DECIMAL CLASSIFICATION NUMBER
Classification number 378.12
Item number B635 2000
100 1# - MAIN ENTRY--PERSONAL NAME
Personal name Boice, Robert.
245 10 - TITLE STATEMENT
Title Advice for new faculty members :
Remainder of title nihil nimus /
Statement of responsibility, etc. Robert Boice.
260 ## - PUBLICATION, DISTRIBUTION, ETC.
Place of publication, distribution, etc. Boston, Mass. :
Name of publisher, distributor, etc. Allyn and Bacon,
Date of publication, distribution, etc. 2000.
300 ## - PHYSICAL DESCRIPTION
Extent xiv, 319 p. :
Other physical details ill. ;
Dimensions 23 cm.
504 ## - BIBLIOGRAPHY, ETC. NOTE
Bibliography, etc. note Includes bibl. references and index.
650 #4 - SUBJECT ADDED ENTRY--TOPICAL TERM
Topical term or geographic name entry element College teachers
Geographic subdivision United States.
650 #4 - SUBJECT ADDED ENTRY--TOPICAL TERM
Topical term or geographic name entry element College personnel management
Geographic subdivision United States.
Holdings
Withdrawn status Lost status Source of classification or shelving scheme Damaged status Not for loan Home library Current library Date acquired Total Checkouts Full call number Barcode Date last seen Copy number Price effective from Koha item type
              11/27/2022   378.12 B635 2000 1000000006057 11/27/2022 C3 11/27/2022 Book
          CENTRAL CENTRAL 11/27/2022   378.12 B635 2000 1000000000594 11/27/2022 C1 11/27/2022 Book
          CENTRAL CENTRAL 11/27/2022   378.12 B635 2000 1000000003689 11/27/2022 C2 11/27/2022 Book